Statystyki dla Rozpoznaj rapera po wersach

Kliknij tutaj aby rozwiązać quiz!

Ogólne statystyki

  • Ten quiz został rozwiązany 2 405 razy
  • Średni wynik to 21 z 48

Statystyki odpowiedzi

WersRaper% Poprawnych
"Mój pies ma na imię Gustaw"Bedoes
94%
"I weź tą pracę odstaw"White 2115
92%
"NyByLyNyByLy, NyByLyNyByLy, NyByLyNyByLy, puf, puf!"Reto
87%
"Ty przejrzysta jak woda Fidżi"Taco Hemingway
86%
"Jestem na trasie z Nepalu do Fidżi"Quebonafide
84%
"Jestem poza kontrolą"Tymek
83%
"Przyszedłem sam zabrałem dwie"Malik Montana
82%
"Wiozę się po mału v8 na legalu"Kali
81%
" Inaczej zarobisz, Mateusz, potrafisz"Guzior
78%
"Każda mama wie pyry lubią dużo sosu"Paluch
76%
"Ja tylko robię kwit jak w Disco Polo"Żabson
75%
"To ciebie chcę łapać za rękę nad morzem"Szpaku
74%
"Uzależniłem się to chore"Smolasty
64%
" To nie tak że się zgrywam"Young Igi
64%
"W sklepach patrzyli się na nas jakbyśmy wpadali na jumę"Białas
61%
"Turbo porsche carrera sen powoli się spełnia"Kizo
58%
"Na nadgarstku ma być Dziadek Mróz"Young Multi
56%
"Ich zadania to jest to co tam śpiewają w Tamagochi"Jan Rapowanie
49%
"Zanim powiem ci "siema" a ty na dowodzenia"Kartky
48%
"Twoje słowa dla mnie bla bla"Qry
46%
"Mówią o mnie wiele głupot"Otsochodzi
45%
"Napijmy się tak aż obojętne będzie ile kosztuje świat"Blacha 2115
44%
"Nigdy nie jest dobrze Wojtek"Schafter
44%
"Ja siedziałem w aucie sam"Kubańczyk
42%
"Nie jest mi siebie żal, to w sumie tylko ja"Sarius
41%
"Choć wierzę że na końcu życia stworzę Tadż Mahal"O.S.T.R
40%
"Wypijemy ostatni drin zapalimy ostatniego jonta"Zbuku
37%
"Pyta czemu tyle pale?"Zeamsone
37%
"Lecę do innego świata i mam dla ciebie bilet"Wac toja
34%
"Nie wiem czy przez pochodzenie czy prze ex cebulę"Adi nowak
33%
"To był jeszcze zanim zrobiłem te parę koła"Planbe
33%
"Zagrasz ze mną w fifę ale musisz wziąć Barcę"Be vis
27%
"Choć nawet w GTA na światłach byś pościł mnie na światłach ja noob"Deys
27%
"Bo wyskoczyłem jak z konopi Filip"Gedz
27%
"To trans nie David Guetta mnie bass gniecie"PRO8L3M
27%
"Zastanawia mnie co przyniesie mi świt"Sitek
25%
"Bo pod osłoną gasnę"Skip
19%
"Nie chcę umrzeć tak jak Hefner wśród tych głupich suk"Siles
17%
"Ale teraz czuję że mogę z nią budzić się rano"TKM
15%
"Każdy ranek jak zawody w K1"Zeus
15%
"Nie mówię off, nie mówię stop, ja to robię non stop"Przyłu
12%
"Mam telefon Huawei"zarzycki
9%
"Każdy dzień przeżywać jakby był ostatnim"DonGURALesko
7%
"Ha ja póki mam tą kasę to zapalę"Szopeen
5%
"Idę po swoje marznie i ciągle myślę o jutrze"Pater
3%
"Mała płonie blok chociaż to nie Kalifornia"Young pit
3%
"Jest wiele ale tylko ciebie chcę"Bryan
2%
"Jesteśmy dziećmi z ogniem między gromnicą a jointem"Zero
2%

Rozkład punktacji

Percentyl według liczby udzielonych odpowiedzi

Procent ludzi z każdym wynikiem

Twoja historia wyników

Nie rozwiązałeś tego quizu